Responses for Show #3276 - Monday, November 30, 1998

Andrew Maly game 1.

Contestants

[<< previous game]

Andrew Maly, an environmental engineer from Bel Air, Maryland

Dana Ezell, a social worker from Baton Rouge, Louisiana

Deborah Danzis, a college professor from High Point, North Carolina (whose 2-day cash winnings total $14,202)

[next game >>]

Jeopardy! Round responses

THE THEATER
BASEBALL
WEST VIRGINIA
ANAGRAM ZOO
PEOPLE EAT THAT?
THAT'S REVOLTING
    $100 26
(Alex: We have less than a minute to go.)

Marilyn Monroe

Andrew
    $100 6
Mark McGwire

Andrew
    $100 16
(Alex: It was in Virginia then.)

Harper's Ferry

Dana
    $100 17
llama

Andrew
    $100 1
popcorn

Andrew
    $100 11
California

Andrew
    $200 27
Zorba the Greek

Dana
    $200 7
the Atlanta Braves

Andrew
    $200 19
The Hatfields & The McCoys

Andrew
    $200 18
(Dana: I don't know.)

antelope

Dana
Triple Stumper
    $200 2
Australia

Dana
    $200 12
Spartacus

Dana
    $300 28
The Sunshine Boys

Triple Stumper
    $300 8
the Florida Marlins

Dana
    $300 20
"The Mountain State"

Triple Stumper
    $300 23
badger

Andrew
    $300 3
combs

Andrew
    $300 13
Lawrence of Arabia (T.E. Lawrence)

Andrew
    $200 29
(Dana: Who is Andrew Lloyd Webber?)

Stephen Sondheim

Dana
    $400 9
Sandy Koufax

Andrew
    $400 21
(Andrew: Who is Byrd?)

Jay Rockefeller

Andrew
Triple Stumper
    $400 24
elephant

Andrew
    $400 4
eel

Dana
    $400 14
Nat Turner

Triple Stumper
    $500 30
Smokey Joe's Cafe

Triple Stumper
    $500 10
Ebbets Field

Andrew
    $500 22
the Potomac

Dana
    $500 25
leopard

Andrew
    $500 5
ambergris

Triple Stumper
    $500 15
the Whiskey Rebellion

Andrew

Scores at the first commercial break (after clue 15):

Deborah Dana Andrew
$0 $1,100 $2,500

Scores at the end of the Jeopardy! Round:

Deborah Dana Andrew
$0 $1,500 $3,700

Double Jeopardy! Round responses

LITERARY FIRST LINES
GOVERNMENT & POLITICS
ALL CREATURES GREAT & SMALL
VAN GOGH A-GO-GO
SEEING RED AT THE MOVIES
ENDS IN "EE"
    $200 25
Peter Pan

Dana
    $200 8
Daley

Andrew
    $200 12
a rattlesnake

Deborah
    $200 1
The Red Pony

Triple Stumper
    $200 6
the Sea of Galilee

Andrew
    $400 26
Jaws

Andrew
    $400 17
(Andrew: Who is Shirley Temple Black?)

Madeleine Albright (or Jeane Kirkpatrick)

Andrew
Triple Stumper
    $400 13
the blue whale

Andrew
    $400 24
the sunflower

Triple Stumper
    $400 2
Red Dawn

Deborah
    $400 7
the epée

Dana
    $600 27
[The end-of-round signal sounds.]

Rebecca

Triple Stumper
    $600 18
Henry Hyde

Andrew
    $600 14
an anteater

Andrew
    $600 23
Don McLean

Triple Stumper
    $600 3
(Dana: What are "The Red Shoe Diaries"?)

The Red Shoes

Dana
Triple Stumper
    $600 9
My Little Chickadee

Deborah
    $800 19
John McCain

Andrew
    $800 15
pigeons

Andrew
    $100 22
(Andrew: What is The Pilgrims' Dinner?)
...
(Alex: Not The Potato Chip Eaters--we have about a minute to go, Andrew.)

The Potato Eaters

Andrew
    $800 4
(Deborah: The Man in the One Red Shoe?)
...
(Alex: Have to remember your phrasing, Deborah; you realize that now.)

The Man with One Red Shoe

DeborahAndrew
    $800 10
(Dana: What are the Cree?)

Shawnee

Dana
Triple Stumper
    $1,200 20
(Andrew: Who is Alex Krishonovsky?)

Marlon Fitzwater

Andrew
    $1000 16
(Deborah: What is a spider monkey?)
(Andrew: What is an ape?)

a marmoset

DeborahAndrew
Triple Stumper
    $1000 21
absinthe

Triple Stumper
    $1000 5
Red Sonja

Andrew
    $1000 11
Braintree

Triple Stumper

Scores at the end of the Double Jeopardy! Round:

Deborah Dana Andrew
-$600 $700 $6,800
(lock game)

[wagering suggestions for these scores]

Final Jeopardy! Round responses

BANDS
(Alex: Everything in the clue is important, that's why we put in "far from the ocean".)
DanaWhat is the Beach Boys?
$499
AndrewWhat were the Surfers?
$700
The Beach Boys

Final scores:

Deborah Dana Andrew
-$600 $1,199 $6,100
3rd place: Pair of Croton Watches 2nd place: Trip to Mexico City & Ixtapa New champion: $6,100

Game dynamics:

Coryat scores:

Deborah Dana Andrew
-$600 $900 $8,100
3 R,
2 W
9 R,
4 W
(including 1 DD)
25 R,
5 W
(including 2 DDs)

Combined Coryat: $8,400

[game clues] [game scores] [suggest correction]

Game tape date: 1998-10-07
The J! Archive is created by fans, for fans. Scraping, republication, monetization, and malicious use prohibited; this site may use cookies and collect identifying information. See terms. The Jeopardy! game show and all elements thereof, including but not limited to copyright and trademark thereto, are the property of Jeopardy Productions, Inc. and are protected under law. This website is not affiliated with, sponsored by, or operated by Jeopardy Productions, Inc. Join the discussion at JBoard.tv.